000 00417pam a2200169a 44500
008 230405s2022 xxu||||| |||| 00| 0 eng d
041 _aENG
100 _aMARIS MACLEAN & JOHN
245 _aDE LIVENING FAMILY JUSTICE IN LIST
250 _a2017 Ed.
260 _aPUNE
_bUNATI INT SERVICE IN LAW
_c2022
300 _a369p.
440 _a2733.00
650 _aFAMILY LAW
690 _aTHREE YEAR
906 _a5032
999 _c876627
_d876627